Prague Malá Strana Streets - Statistics

General Stats
  • This quiz has been taken 27 times
  • The average score is 14 of 66
Answer Stats
Answer % Correct
Malostranské náměstí
75%
Nerudova
75%
Hellichova
63%
Újezd
63%
Karmelitská
50%
Mostecká
50%
Jánský vršek
38%
Nosticova
38%
Sněmovní
38%
U lužického semináře
38%
Úvoz
38%
Všehrdova
38%
Zámecké schody
38%
Josefská
25%
Klárov
25%
Kosárkovo nábřeží
25%
Letenská
25%
Maltézské náměstí
25%
Míšenská
25%
nábřeží Edvarda Beneše
25%
Na Kampě
25%
Na Opyši
25%
Prokopská
25%
Staré zámecké schody
25%
Tomášská
25%
Tržiště
25%
Vlašská
25%
Besední
13%
Břetislavova
13%
Chotkova
13%
Cihelná
13%
Dražického
13%
Dražického náměstí
13%
Harantova
13%
Hroznová
13%
Janáčkovo nábřeží
13%
Jánská
13%
Karlův most
13%
Lázeňská
13%
Mánesův most
13%
Mělnická
13%
most Legií
13%
nábřeží Karla Schwarzenberga
13%
Nebovídská
13%
Pelclova
13%
Petřínská
13%
Plaská
13%
Říční
13%
Rošických
13%
Saská
13%
Šeříková
13%
Šporkova
13%
Thunovská
13%
U Sovových mlýnů
13%
U železné lávky
13%
U Zlaté studně
13%
Valdštejnská ulice
13%
Vítezná
13%
Zámecká
13%
Zborovská
13%
Malostranské nábřeží
0%
Náměstí Kinských
0%
Petřínské sady
0%
Pod Bruskou
0%
U Bruských kasáren
0%
U lanové dráhy
0%
No matching quizzes found
Score Distribution
Percent of People with Each Score
Percentile by Number Answered
Your Score History
You have not taken this quiz